[Event "Chess24 Banter Blitz Cup"]
[Site "chess24.com INT"]
[Date "2019.11.14"]
[Round "1.2"]
[White "Ganguly, Surya Shekhar"]
[Black "Hauge, Lars Oskar"]
[Result "0-1"]
[WhiteTitle "GM"]
[BlackTitle "IM"]
[WhiteElo "2658"]
[BlackElo "2483"]
[WhiteFideId "5002150"]
[BlackFideId "1509276"]
[EventDate "2019.09.25"]
[EventType "blitz"]

1. e4 c5 2. Nf3 d6 3. d4 cxd4 4. Nxd4 Nf6 5. Nc3 a6 6. Qe2 e6 7. g4 Nc6 8. Nxc6
bxc6 9. g5 Nd7 10. h4 Be7 11. Bg2 Rb8 12. f4 d5 13. b3 O-O 14. Bb2 d4 15. Na4 e5
16. O-O-O c5 17. fxe5 Nxe5 18. Nc3 Bg4 19. Qf2 Bxd1 20. Rxd1 dxc3 21. Bxc3 Qc7
22. Qg3 f6 23. Rd5 Rfe8 24. gxf6 Bxf6 25. h5 h6 26. Bh3 Qe7 27. Bf5 Rbd8 28. Kb1
Rxd5 29. exd5 Nf7 30. Be6 Kh8 31. Bd2 Ng5 0-1

[Event "Chess24 Banter Blitz Cup"]
[Site "chess24.com INT"]
[Date "2019.11.14"]
[Round "1.3"]
[White "Hauge, Lars Oskar"]
[Black "Ganguly, Surya Shekhar"]
[Result "0-1"]
[WhiteTitle "IM"]
[BlackTitle "GM"]
[WhiteElo "2483"]
[BlackElo "2658"]
[WhiteFideId "1509276"]
[BlackFideId "5002150"]
[EventDate "2019.09.25"]
[EventType "blitz"]

1. f4 d5 2. Nf3 Nf6 3. g3 g6 4. Bg2 Bg7 5. O-O O-O 6. d3 c5 7. Qe1 Nc6 8. e4
dxe4 9. dxe4 Bg4 10. e5 Nd5 11. c3 f6 12. exf6 exf6 13. Na3 Qc7 14. h3 Bd7 15.
Qf2 Nce7 16. Nc4 b6 17. Ne3 Bc6 18. Nxd5 Nxd5 19. f5 g5 20. Bd2 Rfe8 21. Rfe1
Bf8 22. h4 h6 23. hxg5 hxg5 24. b3 Bd6 25. Rxe8+ Rxe8 26. Re1 Bxg3 27. Rxe8+
Bxe8 28. Qe2 Bf7 29. Nxg5 fxg5 30. Bxd5 Bxd5 31. Qe8+ Kg7 32. Bxg5 Bh2+ 33. Kf1
Bg2+ 34. Kxg2 Qg3+ 35. Kf1 Qxg5 36. Qd7+ Kh6 37. Qe6+ Kh5 38. f6 Qf4+ 39. Ke2
Qe5+ 40. Qxe5+ Bxe5 41. f7 Bd6 42. Kd3 Kg6 43. Kc4 Kxf7 44. Kd5 Ke7 45. Kc6 Ke6
46. Kb7 Kd5 47. c4+ Kd4 48. Kxa7 Kc3 49. Kxb6 Kb4 50. Kc6 Bf8 51. Kd5 Ka3 52.
Ke4 Kxa2 53. Kd3 Kxb3 54. Kd2 Kxc4 55. Kd1 Kb4 56. Kc1 c4 57. Kd1 c3 58. Kc1 Kb3
59. Kb1 c2+ 60. Kc1 Bh6# 0-1

[Event "Chess24 Banter Blitz Cup"]
[Site "chess24.com INT"]
[Date "2019.11.14"]
[Round "1.4"]
[White "Ganguly, Surya Shekhar"]
[Black "Hauge, Lars Oskar"]
[Result "1-0"]
[WhiteTitle "GM"]
[BlackTitle "IM"]
[WhiteElo "2658"]
[BlackElo "2483"]
[WhiteFideId "5002150"]
[BlackFideId "1509276"]
[EventDate "2019.09.25"]
[EventType "blitz"]

1. e4 e5 2. Nf3 Nc6 3. d4 exd4 4. Nxd4 Bb4+ 5. c3 Bc5 6. Be3 Bb6 7. Bc4 Nf6 8.
Nd2 O-O 9. O-O d5 10. exd5 Nxd5 11. Nxc6 bxc6 12. Bd4 c5 13. Be5 Bb7 14. Nf3 Re8
15. Qd2 c6 16. Rfe1 h6 17. Rad1 Qd7 18. Qf4 Rad8 19. Qg3 f5 20. h4 Qf7 21. h5
Rd7 22. Bf4 Rde7 23. Rxe7 Rxe7 24. Qg6 Qxg6 25. hxg6 Re6 26. Ne5 Kf8 27. g3 Ke8
28. Nf7 Nxf4 29. Bxe6 Nxe6 30. Nd6+ Ke7 31. Nxb7 c4 32. Nd6 f4 33. Nxc4 fxg3 34.
Nxb6 gxf2+ 35. Kxf2 axb6 36. b4 Kf6 37. a4 Ng5 38. Ke3 Kxg6 39. a5 bxa5 40. bxa5
Ne6 41. a6 Nc7 42. a7 1-0

[Event "Chess24 Banter Blitz Cup"]
[Site "chess24.com INT"]
[Date "2019.11.14"]
[Round "1.5"]
[White "Hauge, Lars Oskar"]
[Black "Ganguly, Surya Shekhar"]
[Result "1-0"]
[WhiteTitle "IM"]
[BlackTitle "GM"]
[WhiteElo "2483"]
[BlackElo "2658"]
[WhiteFideId "1509276"]
[BlackFideId "5002150"]
[EventDate "2019.09.25"]
[EventType "blitz"]

1. d4 Nf6 2. Bg5 Ne4 3. h4 c5 4. d5 Qb6 5. Nd2 Nxd2 6. Bxd2 Qxb2 7. Nf3 d6 8.
Rb1 Qxa2 9. Bc3 Qa4 10. e3 a6 11. h5 h6 12. Rh4 Qd7 13. Rf4 b5 14. e4 b4 15. Ba1
e5 16. dxe6 Qxe6 17. Nd2 Bb7 18. c3 a5 19. Be2 Nd7 20. Bg4 Qe7 21. Nc4 Nf6 22.
Qa4+ Kd8 23. Nxd6 Qxd6 24. Rd1 Kc7 25. Rxd6 Bxd6 26. Rxf6 Bc6 27. Rxf7+ Kb6 28.
Qc2 Rhe8 29. f3 Re7 30. Rxe7 Bxe7 31. cxb4 axb4 32. Bxg7 Bg5 33. g3 Be3 34. Ke2
Bg1 35. Kf1 Be3 36. Be6 Ra3 37. Ke2 Bg1 38. Bc4 Ba4 39. Qd2 Bc6 40. Qd8+ Kb7 41.
Bd5 b3 42. Bxc6+ Kxc6 43. Qd5+ Kb5 44. Bf8 b2 45. Qb7+ Kc4 46. Qxb2 Rc3 47. Qa2+
Rb3 48. Qd2 Kb5 49. Qd5 1-0

[Event "Chess24 Banter Blitz Cup"]
[Site "chess24.com INT"]
[Date "2019.11.14"]
[Round "1.6"]
[White "Ganguly, Surya Shekhar"]
[Black "Hauge, Lars Oskar"]
[Result "0-1"]
[WhiteTitle "GM"]
[BlackTitle "IM"]
[WhiteElo "2658"]
[BlackElo "2483"]
[WhiteFideId "5002150"]
[BlackFideId "1509276"]
[EventDate "2019.09.25"]
[EventType "blitz"]

1. c4 f5 2. Nc3 Nf6 3. d3 g6 4. g3 d6 5. Bg2 Bg7 6. e4 Nc6 7. Nge2 e5 8. O-O O-O
9. f4 fxe4 10. Nxe4 Nxe4 11. Bxe4 Bg4 12. Qc2 Qd7 13. Be3 Rae8 14. Nc3 Nd4 15.
Bxd4 exd4 16. Nd1 c6 17. Nf2 Be6 18. Bg2 Bf5 19. Ne4 b6 20. Rae1 d5 21. cxd5
cxd5 22. Nf2 Re3 23. Qb3 Rd8 24. Ne4 h6 25. Nf2 Kh7 26. Rc1 Rde8 27. Qxd5 Qxd5
28. Bxd5 Bxd3 29. Nxd3 Rxd3 30. Rfe1 Ree3 31. Be4 Rd2 32. Rxe3 dxe3 33. Rc2 Bxb2
34. Rxd2 exd2 35. Bc2 Bc3 36. Kf1 Kg7 37. Ke2 b5 38. g4 b4 39. f5 gxf5 40. Bxf5
a5 41. Bc2 Kf6 42. h4 Ke5 43. Kf3 Kf6 44. Ke4 Kg7 45. Kf5 Kf7 46. g5 hxg5 47.
hxg5 Kg7 48. g6 Bb2 49. Kg4 Bc1 50. Kf3 Kf6 51. Ke2 a4 52. Kd1 b3 53. axb3 a3
54. Bb1 Bb2 55. Ba2 Bc3 0-1

[Event "Chess24 Banter Blitz Cup"]
[Site "chess24.com INT"]
[Date "2019.11.14"]
[Round "1.7"]
[White "Hauge, Lars Oskar"]
[Black "Ganguly, Surya Shekhar"]
[Result "1-0"]
[WhiteTitle "IM"]
[BlackTitle "GM"]
[WhiteElo "2483"]
[BlackElo "2658"]
[WhiteFideId "1509276"]
[BlackFideId "5002150"]
[EventDate "2019.09.25"]
[EventType "blitz"]

1. d4 Nf6 2. Bg5 d5 3. Nc3 Nbd7 4. f3 c6 5. e4 h6 6. Bh4 dxe4 7. fxe4 Qb6 8. Bc4
Qb4 9. Bb3 Nxe4 10. Ne2 g5 11. O-O Nef6 12. Bg3 Bg7 13. Bc7 e6 14. Ng3 Qe7 15.
Nce4 Nxe4 16. Nxe4 Nf6 17. Bd6 Qd8 18. Be5 Nxe4 19. Bxg7 Rg8 20. Be5 Nd6 21. Qh5
Rf8 22. Qxh6 Nf5 23. Rxf5 exf5 24. Re1 Be6 25. Bg7 Kd7 26. Bxe6+ fxe6 27. Qxe6+
Kc7 28. Be5+ Kb6 29. Qb3+ Ka6 30. c4 b6 31. c5 b5 32. a4 f4 33. axb5+ cxb5 34.
Ra1+ Kb7 35. Qxb5+ 1-0

[Event "Chess24 Banter Blitz Cup"]
[Site "chess24.com INT"]
[Date "2019.11.14"]
[Round "1.8"]
[White "Ganguly, Surya Shekhar"]
[Black "Hauge, Lars Oskar"]
[Result "0-1"]
[WhiteTitle "GM"]
[BlackTitle "IM"]
[WhiteElo "2658"]
[BlackElo "2483"]
[WhiteFideId "5002150"]
[BlackFideId "1509276"]
[EventDate "2019.09.25"]
[EventType "blitz"]

1. e4 e6 2. d4 d5 3. Nd2 Nf6 4. e5 Nfd7 5. Bd3 c5 6. c3 Nc6 7. Ne2 cxd4 8. cxd4
f6 9. exf6 Qxf6 10. Nf3 Bd6 11. O-O O-O 12. Bg5 Qf7 13. Qc2 Nf6 14. a3 Bd7 15.
Rae1 Rae8 16. Qb1 Qh5 17. Bf4 Bxf4 18. Nxf4 Qh6 19. g3 Ng4 20. Kg2 Nxd4 21. Nxd4
Qxh2+ 22. Kf3 e5 23. Bf5 e4+ 24. Kxg4 h5+ 25. Nxh5 g6 26. Kf4 Qxh5 27. Rh1 Rxf5+
28. Ke3 Qg5+ 29. Ke2 Qg4+ 30. Kf1 Rh5 31. Rxh5 Qxh5 32. Qc2 Bg4 33. Kg1 Re7 34.
f4 Rh7 35. Qg2 Bh3 36. Qh2 Bd7 0-1

[Event "Chess24 Banter Blitz Cup"]
[Site "chess24.com INT"]
[Date "2019.11.14"]
[Round "1.9"]
[White "Hauge, Lars Oskar"]
[Black "Ganguly, Surya Shekhar"]
[Result "0-1"]
[WhiteTitle "IM"]
[BlackTitle "GM"]
[WhiteElo "2483"]
[BlackElo "2658"]
[WhiteFideId "1509276"]
[BlackFideId "5002150"]
[EventDate "2019.09.25"]
[EventType "blitz"]

1. e4 e5 2. f4 exf4 3. Nf3 h6 4. Bc4 g5 5. O-O Bg7 6. d4 d6 7. c3 Nc6 8. g3 Bh3
9. Rf2 Qd7 10. gxf4 gxf4 11. Bxf4 O-O-O 12. Kh1 Nf6 13. Nbd2 Rhg8 14. Qb3 Na5
15. Qc2 Nxc4 16. Nxc4 Qg4 17. Qa4 Nxe4 0-1

[Event "Chess24 Banter Blitz Cup"]
[Site "chess24.com INT"]
[Date "2019.11.14"]
[Round "1.10"]
[White "Ganguly, Surya Shekhar"]
[Black "Hauge, Lars Oskar"]
[Result "1-0"]
[WhiteTitle "GM"]
[BlackTitle "IM"]
[WhiteElo "2658"]
[BlackElo "2483"]
[WhiteFideId "5002150"]
[BlackFideId "1509276"]
[EventDate "2019.09.25"]
[EventType "blitz"]

1. e4 e6 2. d4 d5 3. Nc3 Nf6 4. e5 Nfd7 5. f4 c5 6. Nf3 Nc6 7. Be3 h6 8. Qd2 g5
9. fxg5 cxd4 10. Nxd4 Ndxe5 11. O-O-O hxg5 12. Bxg5 Qxg5 13. Qxg5 Bh6 14. Qxh6
Rxh6 15. Ncb5 Kd7 16. c4 a6 17. Nc3 Nxd4 18. Rxd4 Nc6 19. Rf4 d4 20. Ne2 e5 21.
Rxf7+ Ke8 22. Rg7 Be6 23. Rxb7 Rc8 24. b3 Bg4 25. Ng3 a5 26. Ne4 Nb4 27. a3 Nc6
28. Bd3 Bd7 29. Kd2 Ne7 30. Rf1 Bc6 31. Ra7 Rb8 32. Kc2 Bb7 33. Rxa5 Rxh2 34.
Rxe5 Rxg2+ 35. Nd2 Kd7 36. Rf7 Re8 37. Bf5+ Kd8 38. Kd3 Bc6 39. Ne4 Bxe4+ 40.
Bxe4 Rg3+ 41. Kxd4 Rg4 42. Kc5 Rg3 43. b4 Nc8 44. Rxe8+ Kxe8 45. Rc7 Kd8 46. Rh7
Rg5+ 47. Bd5 Rg3 48. b5 Ne7 49. b6 Rg1 50. Rh8+ Kd7 51. b7 1-0

[Event "Chess24 Banter Blitz Cup"]
[Site "chess24.com INT"]
[Date "2019.11.14"]
[Round "1.11"]
[White "Hauge, Lars Oskar"]
[Black "Ganguly, Surya Shekhar"]
[Result "1-0"]
[WhiteTitle "IM"]
[BlackTitle "GM"]
[WhiteElo "2483"]
[BlackElo "2658"]
[WhiteFideId "1509276"]
[BlackFideId "5002150"]
[EventDate "2019.09.25"]
[EventType "blitz"]

1. f4 c5 2. Nf3 Nc6 3. g3 d5 4. Bg2 Nf6 5. O-O g6 6. d3 Bg7 7. Qe1 O-O 8. e4
dxe4 9. dxe4 Bg4 10. e5 Nd5 11. c3 f6 12. exf6 exf6 13. Qf2 Qb6 14. Na3 Rad8 15.
Re1 a6 16. Nc4 Qa7 17. a4 Bf5 18. Ne3 Be4 19. Nxd5 Bxd5 20. Be3 b6 21. b4 cxb4
22. Bxb6 Qb7 23. Bxd8 Rxd8 24. cxb4 Nxb4 25. Rad1 Rc8 26. Nd4 Bf8 27. Ne6 Be7
28. f5 gxf5 29. Rxd5 Nxd5 30. Nf4 Nxf4 31. Qa2+ 1-0

[Event "Chess24 Banter Blitz Cup"]
[Site "chess24.com INT"]
[Date "2019.11.14"]
[Round "1.12"]
[White "Ganguly, Surya Shekhar"]
[Black "Hauge, Lars Oskar"]
[Result "0-1"]
[WhiteTitle "GM"]
[BlackTitle "IM"]
[WhiteElo "2658"]
[BlackElo "2483"]
[WhiteFideId "5002150"]
[BlackFideId "1509276"]
[EventDate "2019.09.25"]
[EventType "blitz"]

1. e4 e6 2. d4 d5 3. Nc3 Nf6 4. e5 Nfd7 5. f4 c5 6. Nf3 Nc6 7. Be3 h6 8. dxc5
Nxc5 9. Qd2 a6 10. Qf2 Qa5 11. O-O-O Bd7 12. Kb1 Rc8 13. a3 Ne4 14. Nxe4 dxe4
15. Bb6 Qa4 16. Qd2 Nb4 17. Nd4 Nd5 18. Ba7 Bxa3 19. c4 Bb4 20. Qf2 Nc3+ 21.
bxc3 Bxc3 0-1

[Event "Chess24 Banter Blitz Cup"]
[Site "chess24.com INT"]
[Date "2019.11.14"]
[Round "1.13"]
[White "Hauge, Lars Oskar"]
[Black "Ganguly, Surya Shekhar"]
[Result "0-1"]
[WhiteTitle "IM"]
[BlackTitle "GM"]
[WhiteElo "2483"]
[BlackElo "2658"]
[WhiteFideId "1509276"]
[BlackFideId "5002150"]
[EventDate "2019.09.25"]
[EventType "blitz"]

1. e4 c5 2. d4 cxd4 3. c3 dxc3 4. Nxc3 d6 5. Nf3 e6 6. Bc4 a6 7. Bf4 Nc6 8. Qe2
Be7 9. O-O Nf6 10. Rfd1 Qc7 11. e5 dxe5 12. Nxe5 Nxe5 13. Bxe5 Qc6 14. Bxf6 gxf6
15. Rac1 Qb6 16. Bb3 Bd7 17. Qh5 Rd8 18. Ne4 Qb5 19. Qh6 Qe5 20. Re1 Bc6 21. Qg7
Rf8 22. Qxh7 f5 23. Ng3 Qxb2 24. Rc2 Qd4 25. Rce2 Rd7 26. Bxe6 fxe6 27. Rxe6 Qc5
28. h4 Kd8 29. h5 Bd6 30. Qg6 Qd5 31. Nf1 Kc7 32. Ne3 Qa5 33. h6 Qxe1+ 34. Nf1
Qc3 35. h7 Rh8 36. Qh6 Rdxh7 0-1

[Event "Chess24 Banter Blitz Cup"]
[Site "chess24.com INT"]
[Date "2019.11.14"]
[Round "1.14"]
[White "Ganguly, Surya Shekhar"]
[Black "Hauge, Lars Oskar"]
[Result "1-0"]
[WhiteTitle "GM"]
[BlackTitle "IM"]
[WhiteElo "2658"]
[BlackElo "2483"]
[WhiteFideId "5002150"]
[BlackFideId "1509276"]
[EventDate "2019.09.25"]
[EventType "blitz"]

1. e4 e6 2. d4 d5 3. Nd2 Nf6 4. e5 Nfd7 5. Bd3 c5 6. c3 Nc6 7. Ne2 cxd4 8. cxd4
f6 9. exf6 Qxf6 10. Nf3 Bd6 11. O-O O-O 12. Bg5 Qf7 13. Qc2 Qh5 14. Ng3 Bxg3 15.
fxg3 Rxf3 16. Rxf3 Qxg5 17. Bxh7+ Kh8 18. Rf4 Nf6 19. Rh4 Bd7 20. Rf1 Rf8 21.
Rff4 g6 22. Bxg6+ Kg7 23. Bd3 e5 24. dxe5 Nxe5 25. Bf5 Bxf5 26. Rxf5 Qe3+ 27.
Kf1 Ne4 28. Qc7+ Kg6 29. Qh7# 1-0

[Event "Chess24 Banter Blitz Cup"]
[Site "chess24.com INT"]
[Date "2019.11.14"]
[Round "1.15"]
[White "Hauge, Lars Oskar"]
[Black "Ganguly, Surya Shekhar"]
[Result "1-0"]
[WhiteTitle "IM"]
[BlackTitle "GM"]
[WhiteElo "2483"]
[BlackElo "2658"]
[WhiteFideId "1509276"]
[BlackFideId "5002150"]
[EventDate "2019.09.25"]
[EventType "blitz"]

1. f4 e5 2. fxe5 d6 3. exd6 Bxd6 4. Nf3 g5 5. g3 g4 6. Nh4 Ne7 7. Nc3 Ng6 8.
Nxg6 hxg6 9. Ne4 Be5 10. Bg2 f5 11. Nf2 Nc6 12. c3 f4 13. d4 fxg3 14. hxg3 Rxh1+
15. Nxh1 Bd6 16. Qd3 Qf6 17. e4 Bd7 18. Be3 O-O-O 19. O-O-O Be6 20. Kb1 Qf7 21.
d5 Be5 22. Qe2 Qd7 23. Rd2 Bf7 24. dxc6 Qxc6 25. Qxg4+ Be6 26. Rxd8+ Kxd8 27.
Qg5+ Kd7 28. Qxe5 Qa6 29. Qd4+ Ke8 30. b3 Qe2 31. Qd2 Qh5 32. Nf2 Qe5 33. Bf4
Qa5 34. Kb2 b5 35. Nd3 Qb6 36. Be3 Qc6 37. Bd4 a5 38. e5 Qd7 39. Nc5 Qe7 40.
Nxe6 Qxe6 41. Qd3 c6 42. Be4 g5 43. Bg6+ Kf8 44. Bf5 Qd5 45. e6 Ke7 46. g4 c5
47. Be3 Qg2+ 48. Qd2 Qc6 49. Bxg5+ Kf8 50. Qd8+ Kg7 51. Qf6+ Kg8 52. Qf7+ Kh8
53. Qh7# 1-0

[Event "Chess24 Banter Blitz Cup"]
[Site "chess24.com INT"]
[Date "2019.11.21"]
[Round "1.1"]
[White "Mamedov, Rauf"]
[Black "Chandra, Akshat"]
[Result "0-1"]
[WhiteTitle "GM"]
[BlackTitle "GM"]
[WhiteElo "2645"]
[BlackElo "2513"]
[WhiteFideId "13401653"]
[BlackFideId "25006711"]
[EventDate "2019.09.25"]
[EventType "blitz"]

1. e4 e5 2. Nf3 Nc6 3. Bc4 Bc5 4. c3 Nf6 5. d3 O-O 6. O-O d6 7. a4 a5 8. Bg5 h6
9. Bh4 g5 10. Bg3 Kg7 11. Nbd2 Nh7 12. Kh1 f5 13. exf5 Bxf5 14. Qb3 Qd7 15. Rae1
Nf6 16. Bb5 Be6 17. Qc2 Bf5 18. Qd1 Ba7 19. Ne4 Nxe4 20. dxe4 Bg4 21. Be2 Be6
22. Nd2 Ne7 23. Nc4 Bc5 24. Ne3 Bxe3 25. fxe3 Ng8 26. Bb5 Qe7 27. Bd3 Nf6 28.
Rf2 Ng4 29. Rf3 Nf6 30. Qc2 Nd7 31. Ref1 Nc5 32. Be2 Bb3 33. Qd2 Nxe4 34. Qe1
Nxg3+ 35. Qxg3 Rxf3 36. Bxf3 Rf8 37. h4 Be6 38. Rd1 b6 39. b4 Qf6 40. bxa5 bxa5
41. Rb1 Qg6 42. Rb7 Rf7 43. Kh2 g4 44. Be2 h5 45. Ra7 Qc2 46. Bb5 Bd5 47. e4
Bxe4 0-1

[Event "Chess24 Banter Blitz Cup"]
[Site "chess24.com INT"]
[Date "2019.11.21"]
[Round "1.2"]
[White "Chandra, Akshat"]
[Black "Mamedov, Rauf"]
[Result "0-1"]
[WhiteTitle "GM"]
[BlackTitle "GM"]
[WhiteElo "2513"]
[BlackElo "2645"]
[WhiteFideId "25006711"]
[BlackFideId "13401653"]
[EventDate "2019.09.25"]
[EventType "blitz"]

1. e4 c5 2. Nf3 Nc6 3. Bb5 g6 4. Bxc6 dxc6 5. d3 Bg7 6. h3 Nf6 7. O-O O-O 8. Re1
b6 9. Bd2 Nd7 10. Bc3 e5 11. a4 a5 12. Nbd2 Ba6 13. Nc4 Qc7 14. b3 f6 15. Nh2
Rfe8 16. Qc1 Nf8 17. Ng4 Ne6 18. Nge3 h5 19. Qd1 Bh6 20. Rf1 Kh7 21. Bd2 Rad8
22. Qe1 Bc8 23. Nd1 Bg7 24. Nde3 Nd4 25. Rc1 Bxh3 26. c3 Nxb3 27. gxh3 Nxc1 28.
Bxc1 Rxd3 29. Bd2 Red8 30. Qe2 b5 31. axb5 cxb5 32. Nd5 R8xd5 33. exd5 bxc4 34.
Be3 Qd7 0-1

[Event "Chess24 Banter Blitz Cup"]
[Site "chess24.com INT"]
[Date "2019.11.21"]
[Round "1.3"]
[White "Mamedov, Rauf"]
[Black "Chandra, Akshat"]
[Result "1-0"]
[WhiteTitle "GM"]
[BlackTitle "GM"]
[WhiteElo "2645"]
[BlackElo "2513"]
[WhiteFideId "13401653"]
[BlackFideId "25006711"]
[EventDate "2019.09.25"]
[EventType "blitz"]

1. e4 e5 2. Nc3 Nc6 3. g3 Bc5 4. Bg2 d6 5. d3 Be6 6. Nd5 Nge7 7. c3 a5 8. Ne2
O-O 9. O-O Ba7 10. d4 exd4 11. cxd4 Bxd5 12. exd5 Nb4 13. Nc3 Qd7 14. a3 Na6 15.
Qd3 c6 16. Re1 Rfe8 17. Bg5 Nxd5 18. Nxd5 cxd5 19. Bxd5 h6 20. Bxh6 gxh6 21.
Qg6+ Kf8 22. Qxh6+ Kg8 23. Be4 Rxe4 24. Rxe4 1-0

[Event "Chess24 Banter Blitz Cup"]
[Site "chess24.com INT"]
[Date "2019.11.21"]
[Round "1.4"]
[White "Chandra, Akshat"]
[Black "Mamedov, Rauf"]
[Result "1-0"]
[WhiteTitle "GM"]
[BlackTitle "GM"]
[WhiteElo "2513"]
[BlackElo "2645"]
[WhiteFideId "25006711"]
[BlackFideId "13401653"]
[EventDate "2019.09.25"]
[EventType "blitz"]

1. d4 Nf6 2. c4 g6 3. g3 Bg7 4. Bg2 O-O 5. Nc3 d6 6. Nf3 Nbd7 7. O-O e5 8. b3
Re8 9. e4 exd4 10. Nxd4 a6 11. Be3 Rb8 12. Rc1 Ne5 13. f3 c5 14. Nde2 b5 15.
cxb5 axb5 16. Nf4 b4 17. Ncd5 Nxd5 18. Qxd5 Bb7 19. Qd2 Ra8 20. Rfd1 Bf8 21. Rc2
Qa5 22. Nd5 Bxd5 23. Qxd5 Qa3 24. h3 Nd7 25. Bc1 Qa7 26. Kh2 Nf6 27. Qd3 Rad8
28. f4 h5 29. Re2 Bg7 30. Rde1 Nh7 31. Qc4 Nf8 32. f5 Be5 33. Bg5 Kg7 34. Qc1 f6
35. Bh6+ Kh7 36. h4 Qc7 37. Bf4 Nd7 38. fxg6+ Kg7 39. Bh3 Nf8 40. Bh6+ Kg8 41.
Bf5 Ne6 42. Qc4 Qe7 43. Bf4 Kh8 44. Bxe6 Qxe6 45. Qc1 Bd4 46. Bxd6 Qd7 47. Qh6+
Kg8 48. g7 Qxg7 49. Qxg7+ Kxg7 50. Bf4 Kg6 51. Kg2 Rc8 52. Kf3 Re7 53. e5 Rd7
54. exf6 Rf7 55. Re4 Rxf6 56. R1e2 c4 57. Re6 cxb3 58. Rxf6+ Bxf6 59. axb3 Rc2
60. Ke4 Rxe2+ 61. Kf3 Rb2 62. g4 Rxb3+ 63. Ke4 hxg4 64. h5+ 1-0

[Event "Chess24 Banter Blitz Cup"]
[Site "chess24.com INT"]
[Date "2019.11.21"]
[Round "1.5"]
[White "Mamedov, Rauf"]
[Black "Chandra, Akshat"]
[Result "1-0"]
[WhiteTitle "GM"]
[BlackTitle "GM"]
[WhiteElo "2645"]
[BlackElo "2513"]
[WhiteFideId "13401653"]
[BlackFideId "25006711"]
[EventDate "2019.09.25"]
[EventType "blitz"]

1. e4 c5 2. c3 Nf6 3. e5 Nd5 4. Nf3 e6 5. Bc4 d6 6. d4 cxd4 7. cxd4 Be7 8. O-O
O-O 9. Qe2 b6 10. Bd2 Bb7 11. Nc3 Nxc3 12. Bxc3 Nd7 13. Rad1 dxe5 14. dxe5 Qc7
15. Bd3 Nc5 16. Bb1 Rfd8 17. Nd4 g6 18. Rc1 Ba6 19. Qf3 Bxf1 20. Rxf1 Na4 21.
Nc6 Re8 22. Bd4 Bc5 23. Be3 Rac8 24. Be4 Bxe3 25. fxe3 Nc5 26. Nd4 Nxe4 27. Qxe4
Red8 28. h4 Rd5 29. Nf3 Qc2 30. Qf4 Rc4 31. Nd4 Qf5 32. Nxf5 Rxf4 33. Ne7+ Kf8
34. Nxg6+ hxg6 35. exf4 Rd2 36. Rf2 Rd3 37. Kh2 a5 38. b3 a4 39. bxa4 Ra3 40.
Rb2 Rxa4 41. Kg3 Ra3+ 42. Kg4 Kg7 43. g3 Ra4 44. h5 gxh5+ 45. Kxh5 Ra3 46. g4
Rh3+ 47. Kg5 Ra3 48. Rxb6 Rxa2 49. Rb7 Rg2 50. Kh4 Rh2+ 51. Kg3 Rh1 52. f5 exf5
53. gxf5 Rf1 54. Kg4 Re1 55. e6 1-0

[Event "Chess24 Banter Blitz Cup"]
[Site "chess24.com INT"]
[Date "2019.11.21"]
[Round "1.6"]
[White "Chandra, Akshat"]
[Black "Mamedov, Rauf"]
[Result "0-1"]
[WhiteTitle "GM"]
[BlackTitle "GM"]
[WhiteElo "2513"]
[BlackElo "2645"]
[WhiteFideId "25006711"]
[BlackFideId "13401653"]
[EventDate "2019.09.25"]
[EventType "blitz"]

1. d4 Nf6 2. c4 g6 3. g3 Bg7 4. Bg2 O-O 5. Nf3 d6 6. O-O Nbd7 7. Nc3 e5 8. b3
exd4 9. Nxd4 a6 10. e4 Re8 11. Be3 Rb8 12. f3 Ne5 13. Qd2 c5 14. Nde2 b5 15.
cxb5 axb5 16. Rfd1 b4 17. Nd5 Nxd5 18. Qxd5 Be6 19. Qd2 c4 20. Nd4 c3 21. Qc2
Bd7 22. a3 Qc7 23. Ne2 bxa3 24. Rxa3 Rec8 25. Bd4 Be6 26. Kh1 Qb7 27. Rb1 h5 28.
b4 Nc4 29. Ra7 Qxa7 30. Bxa7 Ra8 31. Ra1 Ne3 32. Qd3 c2 33. Rc1 Nxg2 34. Kxg2
Rxa7 35. Rxc2 Rxc2 36. Qxc2 Ra2 0-1

[Event "Chess24 Banter Blitz Cup"]
[Site "chess24.com INT"]
[Date "2019.11.21"]
[Round "1.7"]
[White "Mamedov, Rauf"]
[Black "Chandra, Akshat"]
[Result "1-0"]
[WhiteTitle "GM"]
[BlackTitle "GM"]
[WhiteElo "2645"]
[BlackElo "2513"]
[WhiteFideId "13401653"]
[BlackFideId "25006711"]
[EventDate "2019.09.25"]
[EventType "blitz"]

1. e4 e5 2. Nc3 Nc6 3. g3 Bc5 4. Bg2 d6 5. d3 f5 6. exf5 Bxf5 7. Be3 Bb6 8. Qd2
Nf6 9. h3 Qd7 10. g4 Be6 11. Nge2 O-O-O 12. Bxb6 axb6 13. f4 h6 14. O-O-O Kb8
15. Kb1 Rde8 16. Rde1 exf4 17. Nxf4 Bf7 18. a3 Ne5 19. Rhf1 Rhf8 20. Nfe2 Bg8
21. Nd4 Nc6 22. Nf5 Be6 23. Re3 Bxf5 24. Rxf5 Rxe3 25. Qxe3 Re8 26. Qd2 Nd4 27.
Rf1 Ne6 28. Qf2 d5 29. Re1 d4 30. Ne4 Nd5 31. Nd2 Ne3 32. Nc4 Nxc4 33. dxc4 Rf8
34. Qd2 Nf4 35. Bh1 Nxh3 36. Qg2 c6 37. Qxh3 Ka7 38. a4 Rf2 39. Be4 Qf7 40. Qd3
Qf6 41. Rd1 c5 42. Bd5 Qf4 43. Qg6 Qc7 44. g5 hxg5 45. Qxg5 Rf6 46. Rg1 Qd7 47.
b3 Rf2 48. Qxg7 1-0

[Event "Chess24 Banter Blitz Cup"]
[Site "chess24.com INT"]
[Date "2019.11.21"]
[Round "1.8"]
[White "Chandra, Akshat"]
[Black "Mamedov, Rauf"]
[Result "1-0"]
[WhiteTitle "GM"]
[BlackTitle "GM"]
[WhiteElo "2513"]
[BlackElo "2645"]
[WhiteFideId "25006711"]
[BlackFideId "13401653"]
[EventDate "2019.09.25"]
[EventType "blitz"]

1. e4 c5 2. Nc3 Nc6 3. g3 g6 4. Bg2 Bg7 5. d3 d6 6. Be3 e5 7. Nh3 Nge7 8. O-O f6
9. f4 Be6 10. fxe5 Nxe5 11. Nf4 Bf7 12. Bh3 O-O 13. Ne6 Bxe6 14. Bxe6+ Kh8 15.
Qd2 f5 16. Bg5 Qe8 17. Bxe7 Qxe7 18. exf5 gxf5 19. Bxf5 Nc6 20. Be4 Nd4 21. Nd5
Qe6 22. c3 Nc6 23. Nc7 Qe7 24. Nxa8 Rxa8 25. Bxc6 bxc6 26. Rae1 1-0